| 000 | 01289nam a22003497a 4500 | ||
|---|---|---|---|
| 003 | CHAP | ||
| 005 | 20220329133111.0 | ||
| 008 | 971013s1989 r 00010 d | ||
| 010 | _a2155 | ||
| 011 | _a3127 | ||
| 035 | _a2327 | ||
| 040 | _cCHAP | ||
| 082 |
_a589.2 _bM35 |
||
| 245 | _aManual de métodos para el análisis de micotoxinas en granos | ||
| 260 |
_aMéxico, D. F. : _bUNAM, _c1989 |
||
| 300 |
_a163 p. _b: ilus. |
||
| 590 |
_aBATCH-UPD _b10 _c20130110 _lUCH01 _h0108 |
||
| 590 |
_aBATCH-UPD _b10 _c20130110 _lUCH01 _h1321 |
||
| 590 |
_aBATCH-UPD _b10 _c20130410 _lUCH01 _h0830 |
||
| 590 |
_aBATCH-UPD _b10 _c20130914 _lUCH01 _h0115 |
||
| 590 |
_aCONVERSION _b10 _c20130109 _lUCH01 _h1302 |
||
| 650 | 1 | 4 |
_aAlimentos _xToxicología. _94296 |
| 650 | 1 | 4 |
_aCereales _xAnálisis. _921382 |
| 650 | 1 | 4 |
_aCereales _xEnfermedades por hongos. _921413 |
| 650 | 1 | 4 |
_aHongos _xExcreciones tóxicas. _956100 |
| 901 | _aBK | ||
| 942 | _cLIBRO | ||
| 949 |
_a589.2 M35 _bBC _cLIBRO _d33724000361986 _eLIBRO _fc.4 _gI.c/e _h85322 _i2327 _si _t90.00 |
||
| 949 |
_a589.2 M35 _bBC _cLIBRO _d33724000361994 _eLIBRO _fc.3 _gI.c/e _h85321 _i2327 _si _t90.00 |
||
| 949 |
_a589.2 M35 _bBC _cLIBRO _d33724000362000 _eLIBRO _fc.2 _gI.c/e _h85320 _i2327 _si _t90.00 |
||
| 949 |
_a589.2 M35 _bBC _cLIBRO _d33724000362018 _eLIBRO _h78789 _i2327 _si |
||
| 999 |
_c2155 _d2155 |
||